|
|
|
|
| LEADER |
00000nam a2200000 a 4500 |
| 001 |
vtls001428680 |
| 003 |
SK-MaSNL |
| 005 |
20260301202644.0 |
| 008 |
240318s2000 DE a r ger |
| 020 |
|
|
|a 3809409480
|c b.c.
|
| 035 |
|
|
|a SNK000383678
|
| 035 |
|
|
|a urn:nbn:sk:snk-amyh7c
|
| 035 |
|
|
|a urn:nbn:sk:snk-am00cjro
|
| 035 |
|
|
|a 6B8698B2-6D82-464D-926D-57CCE41B7140
|
| 040 |
|
|
|a SNK
|b slo
|c SNK
|e AACR2
|
| 041 |
0 |
|
|a ger
|
| 044 |
|
|
|a DE
|
| 080 |
|
|
|a 635.91(084.12)
|2 1981
|
| 100 |
1 |
|
|a Jantra, Helmut
|4 aut
|9 44583
|
| 245 |
1 |
4 |
|a Das grosse Handbuch der Zimmerpflanzen
|c Helmut Jantra
|
| 260 |
|
|
|a [Niedernhausen/Ts.]
|b Bassermann
|c 2000
|e [Martin
|f Neografia]
|
| 300 |
|
|
|a 254 s.
|c 27 cm
|
| 650 |
0 |
7 |
|a kvety izbové
|x pestovanie
|x príručky
|2 SNK
|9 290579
|
| 919 |
|
|
|a 3-8094-0948-0
|
| 958 |
|
|
|a OND
|
| 999 |
|
|
|c 899696
|d 901626
|
| 952 |
|
|
|t P60, <03>, [BOOK], {603}
|a SNK
|b SNK
|y PREZ
|7 0
|p 17A0334707
|o snkSB 64595
|i snkKSP 2363/2002
|0 0
|1 0
|4 0
|d 2002-02-26
|f 1
|l 0
|r 2025-04-14 00:00:00
|w 2026-02-24
|
| 952 |
|
|
|t P60, <04>, [BOOK], {604}
|a SNK
|b SNK
|y VYP
|7 0
|p 17A0359588
|o snkSB 64595 D1
|i snkKSP 12471/2002
|0 0
|1 0
|4 0
|d 2002-10-24
|l 0
|r 2005-01-02 00:00:00
|w 2026-02-24
|